[Event "Treviso op-D 1st"]
[Site "Treviso"]
[Date "2017.03.18"]
[Round "2.10"]
[White "Giacomazzi, Andrea"]
[Black "Ombrella, Massimo"]
[Result "0-1"]
[WhiteElo "1081"]
[BlackElo "1500"]
[PlyCount "52"]
[EventDate "2017.03.17"]
[EventType "swiss"]
[EventRounds "5"]
[EventCountry "ITA"]
[SourceTitle "EXT 2024"]
[Source "ChessBase"]
[SourceDate "2023.10.10"]
[SourceVersion "1"]
[SourceVersionDate "2023.10.10"]
[SourceQuality "1"]

1. e4 e5 2. Nf3 Nc6 3. Bc4 Be7 4. 0-0 Nf6 5. d3 0-0 6. Nc3 d6 7. h3 Na5 8. Bb3 Nxb3 9. axb3 b6 10. d4 exd4 11. Nxd4 Bb7 12. Re1 Re8 13. Bf4 Qd7 14. e5 dxe5 15. Bxe5 c5 16. Ndb5 Qc6 17. Qf3 Qd7 18. Nc7 Bxf3 19. Nxe8 Rxe8 20. gxf3 Qc6 21. Rxa7 h6 22. Rc7 Qxf3 23. Re3 Qf5 24. h4 Bd8 25. Rb7 Rxe5 26. Rxe5 Qxe5 0-1